Statistics for Generator Puzzle #12

Click here to take the quiz!

General Stats

  • This quiz has been taken 1,621 times
    (1,195 since last reset)
  • The average score is 13 of 21

Answer Stats

HintAnswer% Correct
City leaderMayor
93%
Academy AwardOscar
93%
IntelligentSmart
90%
Tennis arenaCourt
89%
Discarded bread part?Crust
88%
RemainStay
88%
PlanetMars
86%
De Niro, Brando, eg.Actor
84%
Cuban leaderCastro
76%
ShorelineCoast
74%
French loveAmour
64%
Female bowCurtsy
61%
Spencer or DickTracy
55%
Military fighting unitArmy
54%
Team symbolMascot
54%
Zagreb nativeCroat
52%
Wales, in WelshCymru
35%
Blustery, tempestuousStormy
35%
9-Letter WordCUSTOMARY
33%
Wine from Oman?Muscat
29%
Tenor EnricoCaruso
19%

Score Distribution

Percentile by Number Answered

Percent of People with Each Score

Your Score History

You have not taken this quiz since the last reset